000 00788nmm a2200253 a 4500
001 ocm000782815
003 TR-IsHL
005 20201028140226.0
008 131212s2012 tu tur
007 cr cn
035 _a782815
_b(N$T)
050 0 4 _aPL248.I85
_bH3 2012
090 0 4 _aPL248.I85
_bH3 2012
100 1 _aIşınsu, Emine
245 1 0 _aHacı Bayram
_h[electronic resource] /
_cEmine Işınsu
260 _aİstanbul :
_bBilge Kültür Sanat,
_c2012
300 _a383 p.
650 4 _aDil ve Edebiyat
650 4 _aLanguage and Literature
650 0 _aTürk romanı
650 0 _aTurkish fiction
650 7 _aLITERARY COLLECTIONS / Middle Eastern
_2bisacsh
856 4 0 _uhttp://search.ebscohost.com/login.aspx?direct=true&scope=site&db=e011xww&AN=782815
999 _c7173
_d7173